| 000 | 01024cam a2200277 4500 | ||
|---|---|---|---|
| 001 | ##L133435 | ||
| 008 | 060508n2006 000 0 eng u | ||
| 020 | _a1860819079 | ||
| 035 | _a(Sirsi) u133435 | ||
| 041 | 0 | _aeng | |
| 050 | 0 | 4 | _a693.5 $2 18 |
| 100 | 1 | _aNolan, É. | |
| 245 | 0 | 0 |
_aReinforced concrete service life design _bdesign for durability |
| 260 |
_aWatford _bBRE _c2006 |
||
| 300 |
_a6p. _bill. _c30cm. |
||
| 490 | 0 |
_aBRE Information Paper _vIP 3/06 Part 2 |
|
| 520 | _aExamines detailed design, focussing on durability life related aspects, which is part of the BRE's service life design system for reinforced concrete. This is the second part of a three part information paper (see also L133433 and L133774). | ||
| 590 | _aIKA190906 | ||
| 651 | 4 |
_aUnited Kingdom _y |
|
| 690 | _aBUILT ENVIRONMENT-BUILDING MATERIALS-CEMENTITIOUS, CONCRETE AND MINERAL BOUND MATERIALS-CONCRETE | ||
| 700 | 1 | _aQuillin, K. | |
| 700 | 1 | _aNixon, P. | |
| 700 | 1 | _aSergi, G | |
| 700 | 1 | _aSomerville, G. | |
| 942 | _n0 | ||
| 999 |
_c105397 _d105397 |
||